Ideas On Demand: A Crash Course On Creativity Bust Creativity Blocks 10x Your Ideas And Become An Idea Machine (Record no. 41143)
[ view plain ]
| 000 -LEADER | |
|---|---|
| fixed length control field | 00428nam a2200133Ia 4500 |
| 008 - FIXED-LENGTH DATA ELEMENTS--GENERAL INFORMATION | |
| fixed length control field | 240719s9999 xx 000 0 und d |
| 041 ## - LANGUAGE CODE | |
| Language code of text/sound track or separate title | eng |
| 082 ## - DEWEY DECIMAL CLASSIFICATION NUMBER | |
| Classification number | 153.35 HAR |
| 100 ## - MAIN ENTRY--PERSONAL NAME | |
| Personal name | Harrdas, Miliind |
| 245 ## - TITLE STATEMENT | |
| Title | Ideas On Demand: A Crash Course On Creativity Bust Creativity Blocks 10x Your Ideas And Become An Idea Machine |
| 260 ## - PUBLICATION, DISTRIBUTION, ETC. | |
| Place of publication, distribution, etc. | United States |
| Date of publication, distribution, etc. | 2021 |
| 300 ## - PHYSICAL DESCRIPTION | |
| Extent | 229 P |
| 520 ## - SUMMARY, ETC. | |
| Summary, etc. | Faculty Purchase By Dr. Senthil Kumar |
| Withdrawn status | Lost status | Damaged status | Not for loan | Home library | Current library | Shelving location | Date acquired | Source of acquisition | Cost, normal purchase price | Total Checkouts | Full call number | Barcode | Date last seen | Date last checked out | Price effective from | Koha item type |
|---|---|---|---|---|---|---|---|---|---|---|---|---|---|---|---|---|
| IMTN | IMTN | Rack 2-B | 05/19/2022 | Amazon | 2694.68 | 2 | 153.35 HAR | 32838 | 11/24/2024 | 11/08/2024 | 04/21/2022 | Books |